000 00701nam a2200241 i 4500
001 bg
100 1 _aWITT, Dariusz
245 1 0 _aSyntezy i transformacje związków organicznych /
_cDariusz Witt, Krystyna Dzierzbicka, Janusz Rachoń.
260 _aGdańsk :
_bWydaw. Politechniki Gdańskiej,
_c2002.
300 _a237 s. :
_bil. ;
_c24 cm.
504 _aIndeks.
650 9 _aChemia organiczna
_xzwiązki
655 _aPodręczniki akademickie
700 1 _aDZIERZBICKA, Krystyna
700 1 _aRACHOŃ, Janusz
020 _a838800798X
040 _cBPK
041 0 _apl
080 _a547-3(075.8)
920 _a83-88007-98-X
942 _cKS
008 s pl f |000 0 pol
999 _c42082
_d42082
856 _uhttp://koha.tu.koszalin.pl/cgi-bin/koha/opac-detail.pl?biblionumber=42082
_yKatalog online BPK